000 00434nam a2200169Ia 4500
001 23609
005 20260414150948.0
008 260414t2009||||xx |||||||||||||| ||spa||
041 _aESP
082 _a670.42
_bN55 2009
100 _aNiebel, Benjamín W.
_eAUT
245 0 _aIngenieria industrial :
_bmétodos, estándares y diseño del trabajo
260 _c2009
650 _aTCA
654 _aCII
942 _cLIB
_dJUS
_fJUS
_2ddc
_n
999 _c23609
_d23609